Missing Word: Entertainment B Quiz Stats

Quiz Updated May 28, 2015

Challenge
Share
Tweet
Embed
Score 0/20 Timer 04:00
0 Plays Today
Hint Answer % Correct
MusicalBeauty
98.5%
MusicalBrown
96%
AlbumBrick
95.6%
AlbumBridge
94.2%
MovieBlade
94%
MovieBeautiful
93.8%
MusicalBook
93.6%
AlbumBorn
92.8%
BookBlack
87.9%
AlbumBack
87.4%
Hint Answer % Correct
BookBadge
85.4%
MovieBlvd.
84.3%
MusicalBirdie
82%
MovieBudapest
80.5%
BookBones
70.9%
MovieBrian
68.7%
BookBrothers
67%
MusicalBoat
60.9%
BookBondage
56.8%
AlbumBlood
48.6%

Today's Daily Dose

Quick Pick
Overwatch Maps

On This Day
May 26th II

You're not logged in!

Compare scores with friends on all Sporcle quizzes.
Join for Free
OR
Log In

You Might Also Like...

Show Comments

Extras

Top Quizzes Today


Score Distribution

Your Account Isn't Verified!

In order to create a playlist on Sporcle, you need to verify the email address you used during registration. Go to your Sporcle Settings to finish the process.

Report this User

Report this user for behavior that violates our Community Guidelines.

Details: